| 000 | 00349nam a2200133Ia 4500 | ||
|---|---|---|---|
| 008 | 240624s9999 xx 000 0 und d | ||
| 041 | _aeng | ||
| 082 | _a650.1 DEA | ||
| 100 | _aDEARLOVE DES | ||
| 245 | _aBUSINESS THE BILL GATES WAY 10 SECRETS O | ||
| 260 |
_c2007 _aNew Delhi _bWiley India |
||
| 300 | _axvi, : 176 : p. : cm. ; 21 | ||
| 365 |
_cRS _b30 |
||
| 999 |
_c8218 _d8218 |
||